000 00556nam a2200181Ia 4500
003 GCL
008 140319s9999 xx 000 0 ara d
040 _aGCL /
_cGCL
082 0 4 _a635.9
_bش ن
100 1 _aشكرى ابراهيم سعد
245 1 0 _aالنباتات الزهرية: نشاتها تطورها . تصنيفها /
_cشكرى ابراهيم سعد
260 _a[S.N] :
_bدار الفكر ،
_c1994
300 _a664 ص
490 _a
650 0 4 _aالانثوزوا
650 0 4 _aالنباتات الزهرية
942 _2ddc
_cBK
999 _c52906
_d52906